Normal view MARC view
  • Distrito Federal (México)

Entry Nombre Geográfico

Number of records used in: 131

001 - NÚMERO DE CONTROL

  • campo de control: 13309

003 - IDENTIFICADOR DE NUMERO DE CONTROL

  • campo de control: MX-MxUPN

005 - FECHA Y HORA DE LA ÜLTIMA TRANSACCIÓN

  • campo de control: 20230919135713.0

008 - DATOS DE LONGITUD FIJA

  • campo de control de longitud fija: 230919nn fcnnnbaba b ana |d

035 ## - NÚMERO DE CONTROL

  • Número de control: UPN10000013317

040 ## - FUENTE DE CATALOGACIÓN

  • Lenguaje de catalogación: spa
  • Agencia de catalogación original: MX-MxUPN

151 ## - ENCABEZAMIENTO - NOMBRE GEOGRÁFICO

  • Nombre geográfico: Distrito Federal (México)
  • Subdivisión general : Población
  • Subdivisión de forma: Estadística

451 ## - VER DESDE EL RASTREO--NOMBRE GEOGRÁFICO

  • Geographic name: México (D.F.)
  • General subdivision: Población
  • Form subdivision: Estadística
  • Control subfield: nno

670 ## - FUENTE EN LA QUE SE LOCALIZARON DATOS

  • Cita de la fuente: Escamilla Gonzalez, G. Lista de encabezamientos de materia, 1978:
  • Información localizada: página 564 (México - Población - Estadística)

670 ## - FUENTE EN LA QUE SE LOCALIZARON DATOS

  • Cita de la fuente: Autoridades BGTQ, 19 septiembre 2023 :
  • Información localizada: (Distrito Federal (México)

670 ## - FUENTE EN LA QUE SE LOCALIZARON DATOS

  • Cita de la fuente: Autoridades BGTQ, 19 septiembre 2023 :
  • Información localizada: (Subdivisión general: Población) (Subdivisión de forma: Estadística)

902 ## - CATALOGADOR

  • Catalogador: CAA/020798
  • Catalogador: VíctorGodínez/190923